01723nam a2200253Ia 4500008004100000040001800041041002600059245006000085260006400145300002300209500051700232508013100749511014200880546012901022650003701151650002001188650005601208650001501264650003201279700003001311710002401341765001501365856008901380130821s1983 xxua gs mul  aCo-BoUCMbspa00aspa°aeng°apor°afre00aBajo el fuegoc[DVD]c[dirigida por] Roger Spottiswoode aWashington D.C. (Estados Unidos)bMetro-Goldwyn-Mayerc1983 a1 DVDbson., color aSINOPSIS : Ambientada en Centroamérica en los años ochenta, narra la historia de tres periodistas americanos que se dirigen a Nicaragua, donde la guerrilla sandinista dirigida por Rafael amenaza el poder del dictador Somoza, que recibe ayuda de la CIA. Russell Price (Nick Nolte), un fotógrafo periodista, es presionado por la reportera de radio Claire (Joanna Cassidy) para que se involucre en la revolución sandinista, hecho en el que también se ve envuelto otro colega de profesión (Gene Hackman). aDirector, Roger Spottiswoode ; guión, Ron Shelton & Clayton Frohman ; música, Jerry Goldsmith ; fotografía, John Alcott. aNick Nolte, Gene Hackman, Joanna Cassidy, Jean-Louis Trintignant, Richard Masur, Ed Harris, Martin Lasalle, Holly Palance, Hamilton Camp. aAudio en Castellano, Inglés, Francés, Alemán e Italiano. Subtítulos en Castellano, Francés, Italiano y Holandés.04aConflicto armadozNicaraguavDVD04aEntretenimiento04aPelículas cinematográficaszEstados UnidosvDVD04aPeriodismo04aPeriodistas en el cinevDVD1 aSpottiswoode, Rogeredir.2 aMetro-Goldwyn-Mayer tUnder fire04uhttp://www.youtube.com/watch?v=IgsCN4-EP0YzSiga este vínculo para ver el trailer.